=LDR 00000nam 2200000 4500 =001 NUTBA000000000001189 =005 20140415142935.0 =006 =007 =008 =020 ##$$a 979-450-173-5 =035 ##$$0010-041400000000459 =082 ##$$a001.4 =100 ##$$a NAZIR,MOH. =245 ##$$aMETODE PENELITIAN =260 ##$$a CIAWI $b GHALIA INDONESIA $c 2005 =440 ##$$aMETODE PENELITIAN =700 ##$$a NAZIR,MOH. =990 ##$$a 93972/BPAP-NTB/2014 =990 ##$$a 21400613/BPAP-NTB/20142014 =990 ##$$a 0001/BPAP-NTB/2015 =990 ##$$a 0001/BPAP-NTB/2015